000
00303nam a2200121Ia 4500
008
230907s9999||||xx |||||||||||||| ||und||
082
_a
523.01
_b
SOM
100
_a
Somov, B. V.
_9
115890
245
0
_a
Plasma astrophysics /
260
_a
Springer,
_b
New York, NY :
_c
2006
300
_a
2 v. :
942
_c
BK
999
_c
600073
_d
600073